000 00480nam a2200181 a 4500
005 20140310183155.0
008 030425s19uu xx 00 eng d
020 _a083590010
050 _aHF 5548.5.B3
_b.Ad37 1985
100 _aNelson, Dale E.
245 _aAdvanced Basic for Business /
_cDale E. Nelson.
260 _aVirgina :
_bReston Pub.,Inc,
_c1985.
300 _a374 p. :
_c25 cm.
521 _aIT
650 _aBusiness.
942 _cBK
_2lcc
_kFOR
999 _c19736
_d19736